Getting your family together. (Record no. 16618)

000 -LEADER
fixed length control field 00496nam a2200169 a 4500
001 - CONTROL NUMBER
control field :::00019791$&:&@@
003 - CONTROL NUMBER IDENTIFIER
control field OkBaRHE
005 - DATE AND TIME OF LATEST TRANSACTION
control field 20011103101543.0
008 - FIXED-LENGTH DATA ELEMENTS--GENERAL INFORMATION
fixed length control field s1977 j 000 0 eng u
040 ## - CATALOGING SOURCE
Transcribing agency
100 1# - MAIN ENTRY--PERSONAL NAME
Personal name Rickerson, Wayne E.
245 10 - TITLE STATEMENT
Title Getting your family together.
260 ## - PUBLICATION, DISTRIBUTION, ETC. (IMPRINT)
Place of publication, distribution, etc Glandale, CA
Name of publisher, distributor, etc G/L Publications
Date of publication, distribution, etc 1977
300 ## - PHYSICAL DESCRIPTION
Extent 128 p.
942 ## - ADDED ENTRY ELEMENTS (KOHA)
Source of classification or shelving scheme
Koha item type Books
Copies
Not for loan Price effective from Barcode Damaged status Lost status Date acquired Full call number Shelving location Koha item type Source of classification or shelving scheme Copy number Withdrawn status Permanent Location Date last seen
 2010-04-1419791  2010-04-14HQ 755.85 .R52General StacksBooks 1 RHEMA Bible Training College2010-04-14